| 000 | 00625nam a2200229Ia 4500 | ||
|---|---|---|---|
| 008 | 220204s9999 xx 000 0 und d | ||
| 082 |
_a058.08 _bDHO;1 |
||
| 100 | _aDhopte, Arvind M | ||
| 245 | 0 | _aUseful techniques for plant scientists | |
| 260 |
_aAkola _bForum for plant Physiologists _c1989 |
||
| 650 | _aChromosome staining | ||
| 650 | _aDrought tolerance | ||
| 650 | _aHydroponics | ||
| 650 | _aMicroclimate | ||
| 650 | _aMicroscopy | ||
| 650 | _aPhotosynthesis | ||
| 650 | _aPlant product analysis | ||
| 650 | _aPlant stresses | ||
| 650 | _aWater potential | ||
| 700 | _aLivera, Manuel M | ||
| 942 | _cBK | ||
| 999 |
_c40187 _d40187 |
||